|
|
|
|
| LEADER |
02459nam a2200481 a 4500 |
| 001 |
000000261 |
| 005 |
20110714091518.0 |
| 008 |
011030s1775 xo e lat |
| FMT |
|
|
|
| 040 |
|
|
|a SVKKK
|b slo
|c SVKKK
|e AACR2
|
| 041 |
0 |
|
|a lat
|
| 044 |
|
|
|a xo
|c SK
|
| 080 |
|
|
|a 347
|
| 080 |
|
|
|a (094.1)
|
| 080 |
|
|
|a 347
|
| 080 |
|
|
|a (439.5)
|
| 100 |
1 |
|
|a Verbőci, Štefan,
|d 1458-1541
|4 aut
|
| 245 |
1 |
0 |
|a Decretum Tripartitum :
|b Werböczius Illustratus: Sive Decretum Tripartitum Juris Consuetudinarii Inclyti Regni Hungariae, A Magistro Stephano De Werböcz Jussu Regio olim compilatum, duorum, & quo excurrit, Seculorum usu roboratum: Nunc primum in Paragraphos distinctum, & Notis, ac Observationibus Juridicis, in usum praesertim Tyronum, illustratum. Cum Speciali Priv. Suae Sacrat. Caesareo - Regiae Majestatis.
|
| 260 |
|
|
|a Trnava] :
|b Typis Tyrnaviensibus,
|c Anno M. DCC. LXXV [=1775]
|
| 300 |
|
|
|a 569,[15] s. A/8-Z/8,Aa/8-Nn/8,Oo/4 [=292] list.
|c 8°. 18x11 cm
|
| 500 |
|
|
|a Predtitl. list: "Werböczii Decretum Tripartitum"
|
| 500 |
|
|
|a Vineta ornam., vinety ornam.-fig., vlys ornam.-fig., inic. s ornam. pozadím v rámčeku na 4 r., inic. s architekton. pozadím v rámčeku na 3, 5 r., inic. vo voľ. priestore na 4 r., verz. vo voľ. priestore na 2, 3 r., typograf. ozdoby, kustódy, tlač. pozn. pod textom v lat. jaz.
|
| 508 |
|
|
|a Na zl. A/3-A/8 úvod a ded. autora kráľovi Vladislavovi II.. Na zl. B/1-B/4 approbatio kráľa Vladislava II. Na zl. Nn/1-Nn/3 Regis Consensus. Na zl. Nn/3-Nn/5 záver autora.
|
| 510 |
4 |
|
|a Petrik V/539; Hanakovič III/1397; Kolodziejský 371/2496
|
| 550 |
|
|
|a Miesto vydania určené podľa tlačiarne.
|
| 561 |
|
|
|a Peč.: Štátna vedecká knižnica v Košiciach; Bibliotheca Conv. Posoniensi O. Fr. M.. Rkp.: Fran: Dravetz.
|
| 563 |
|
|
|a Previazaná - lepenka, hnedé plátno.
|
| 653 |
1 |
|
|a dekréty
|
| 653 |
1 |
|
|a právo
|
| 653 |
1 |
|
|a právo uhorské
|
| 700 |
1 |
|
|a Jagelovský, Vladislav
|b II,
|d 1490-1516
|4 dte
|4 lso
|
| 700 |
1 |
|
|a Verbőci, Štefan,
|d 1458-1541
|4 dto
|4 aui
|
| 700 |
1 |
|
|a Dravetz, Fran.
|4 sgn
|
| 710 |
0 |
|
|a Trnavská tlačiareň
|c Trnava
|d 1773-1777
|4 prt
|
| 710 |
0 |
|
|a minoriti
|c Bratislava
|4 sgn
|
| 752 |
|
|
|a Slovensko
|d Trnava
|
| 852 |
|
|
|p I.11387
|
| 904 |
|
|
|a acf-y----da------yyyb-1001--
|
| 905 |
|
|
|a df b0ab
|
| 910 |
|
|
|a svkkk
|
| 997 |
|
|
|c Bibliotheca Conv. Posoniensis O. Fr. M. Conv. Posoniensis p. minoriti, Bratislava
|4 sgn
|
| 998 |
|
|
|a TRNTL
|
| BAS |
|
|
|